Antártida : El continente helado /

Guardado en:
Autor Corporativo: Videopedia Britannica.
Formato: Deslizar
Materias:
Etiquetas: Agregar Etiqueta
Sin Etiquetas, Sea el primero en etiquetar este registro!
LEADER 00966ngm a22002415g 4500
001 CEM.cems021944
008 130507b1993##################0###0#####d
005 20240920162222.0
245 1 0 |a Antártida :  |b El continente helado /  |c Videopedia Britannica. 
300 |a 23'. 
500 |a En soporte VHS, consultar en ventanilla. 
505 0 |a Ubicación del continente antártico. Paisaje morfológico. Fauna. las exploraciones: Amundsen y Scott. Las condiciones de supervivencia. Trabajos científicos. Estudios de fósiles. Placas tectónicas. Meteorología. 
538 |a Soporte: VHS - Norma: Pal N - Color - Donación C.b. 1993 - Hitachi=0000 
110 2 |a Videopedia Britannica. 
082 9 1 |/ VID 
653 |a GEOGRAFIA 
653 |a GEOLOGIA 
653 |a ANTARTIDA 
653 |a PLACAS TECTONICAS 
653 |a METEOROLOGIA 
653 |a NIVEL PRIMARIO 
653 |a NIVEL SECUNDARIO 
859 |a CEMS  |b BIB. CEMS - Depto. Recursos Didacticos  |h 919  |i VID  |k DRD  |p 587.12  |t Ej.1